000 00617nam a22001937a 4500
003 OSt
005 20260617151757.0
008 260617b |||||||| |||| 00| 0 eng d
020 _a978-1-4129-2780-2
040 _cChuka University Library
050 _aLB 3013
_b.T3 2007
100 _aTate Marcial .L
_929831
245 _aShouting wont grow dendrites
_bTechnique for managing a brain-compatible clssroom
260 _aThousand oaks
_bCorwin press
_c2007
300 _a140
650 _aClassroom management united states problems
_929832
650 _aTeaching united states problems
_929833
942 _2lcc
_cBK
_n0
999 _c24603
_d24603